| 000 | 01043nam a2200253Ia 4500 | ||
|---|---|---|---|
| 003 | OSt | ||
| 005 | 20201210155356.0 | ||
| 008 | 191128s1994 ck gr 000 0 spa d | ||
| 020 | _a9586520781 | ||
| 040 |
_aCO-JMCR _cCO-JMCR |
||
| 041 | 0 | _aspa | |
| 082 | 0 | 4 |
_a658.404 / _bM672p _223 |
| 100 | 1 |
_aMiranda Miranda, Juan José, _eautor _912512 |
|
| 245 | 1 | 4 |
_aLos Proyectos: _bla unidad operativa del desarrollo / _cJuan José Miranda Miranda |
| 250 | _aSegunda edición | ||
| 260 |
_aSantafé de Bogotá : _bEscuela Superior de Administración pública, _c1994. |
||
| 300 |
_a742 páginas ; _c24 cm. |
||
| 490 | 0 | _aDocumento | |
| 505 | 0 | _aEl ciclo del proyecto -- La evaluación -- La ejecución o inversión -- La operación -- La evaluación Ex-post -- Estudio del merdado -- Aspectos tecnicos -- Aspectos administrativos -- Aspectos legales del proyecto -- Aspectos financieros | |
| 650 | 2 | 4 |
_aProyectos de desarrollo _94149 |
| 650 | 2 | 4 |
_aEvaluación de proyectos _92814 |
| 650 | 2 | 4 |
_aDirección de proyectos _912513 |
| 942 |
_2ddc _cBK |
||
| 999 |
_c4877 _d4877 |
||